000 00421nam a22001575i 4500
001 68696
003 ES-MaACL
007 t|
008 960827s1821 it ||||1| ita d
040 _aCAM
_bspa
_cCAM
100 1 _aGiannone, Pietro.
_956618
245 1 0 _aIstoria civile del regno di Napoli /
_cdi Pietro Giannone.
260 _aItalia :
_b[s.n.],
_c1821.
300 _a8 v. ;
_c22 cm.
852 _aES-MaACL
_jG-2686-93
999 _c68696
_d68696